| Registos Bibliográficos associados ao registo de autoridade |
|
Etiqueta de registo: 00230nam 2200025 450 001 1288389 003 http://id.bnportugal.gov.pt/bib/catbnp/1288389 021 ## $aPT$b204732/03 100 ## $a20040727d2003 m y0pory0103 ba 101 0# $apor 102 ## $aPT 105 ## $aa z 001yy 106 ## $ar 200 1# $aMaria de Lourdes de Mello e Castro$e1903-1996$ecentenário do nascimento$f[org. Centro Cultural de Belém]$gcoord. Ana Alvelos 210 #9 $aLisboa$cC.C.B.,$dD.L. 2003 215 ## $a62 p.$cil.$d24 cm 320 ## $aBibliografia, p. 62 518 1# $aMaria de Lurdes de Melo e Castro 675 ## $a75Castro, Maria de Lurdes de Melo e(083.82)$vBN$zpor$3340866 675 ## $a061.4$vBN$zpor$3288771 702 #1 $aAlvelos,$bAna$4340$31188549 712 01 $aPortugal.$bCentro Cultural de Belém$4273$324237 900 ## $aBIBNAC$d20130602 966 ## $lBN$mFGMON$sB.A. 23790 V.$x1 966 ## $lBN$mFGMON$sB.A. 23790 V.$x1
Etiqueta de registo: 00254nam 2200025 450 001 2284210 003 http://id.bnportugal.gov.pt/bib/catbnp/2284210 010 ## $a978-989-9223-26-4 021 ## $aPT$b553995/25 100 ## $a20260413d2025 m a0pory01030103ba 101 0# $apor$aeng 102 ## $aPT 105 ## $aa b 000yy 106 ## $ar 200 1# $aMaria de Lourdes de Mello e Castro, uma esplêndida lição$ftextos Sofia Bandeira Duarte, Nicole Costa, Ana Alvellos 210 #9 $aCaldas da Rainha$cMuseus e Monumentos de Portugal,$d2025 215 ## $a29, [2] p.$cil.$d23 cm 305 ## $aEd. bilingue em português e inglês 675 ## $a75Castro, Maria de Lurdes de Melo e(042)$vBN$zpor$31996839 675 ## $a75.036(=1:469)"19"(042)$vBN$zpor$31507403 700 #1 $aDuarte,$bTeresa Sofia Alves Miranda Bandeira,$f1972-$31021332 701 #1 $aCosta,$bNicole$4070$31936976 701 #1 $aAlvelos,$bAna$4070$31188549 801 #0 $aPT$bBN$gRPC 856 41 $uhttp://rnod.bnportugal.gov.pt/ImagesBN/winlibimg.aspx?skey=&doc=2284210&img=221769&save=true 900 ## $aBIBNAC$d20260430 966 ## $lBN$mFGMON$sB.A. 53735 V.$x1 966 ## $lBN$mFGMON$sB.A. 53735 V.-D$x1 971 ## $cssilva$d20260413 972 ## $e0$z0$d20260430$vasantos 973 ## $ctrodrigues$d20260424
|
|
|